The Cultural Industries

Gespeichert in:
Bibliographische Detailangaben
1. Verfasser: Hesmondhalgh, David
Format: Buch
Sprache:Englisch
Veröffentlicht: London SAGE 2019
Ausgabe:4th Edition
Schlagworte:
Tags: Tag hinzufügen
Keine Tags, Fügen Sie das erste Tag hinzu!

MARC

LEADER 00000nam a2200000 4500
001 0304834
005 20250109110946.1
020 |a 978-1-5264-2410-5 
020 |a 978-1-5264-2409-9 
041 0 |a eng 
044 |a GB 
245 1 0 |a The Cultural Industries  |c David Hesmondhalgh 
250 |a 4th Edition 
264 1 |a London  |b SAGE  |c 2019 
300 |a 540 s. 
610 2 0 |a priemysel kultúrny 
610 2 0 |a priemysel kreatívny 
610 2 0 |a ekonomika kreatívna 
610 2 0 |a kultúra 
100 1 |a Hesmondhalgh, David